000 00380nam a2200133Ia 4500
008 151001s9999||||xx |||||||||||||| ||und||
100 _aराकेश भारती
245 _aऐतिहासिक कहानियां
250 _a1
260 _b"नीरज बुक सेंटर,दिल्ली"
260 _c2010
300 _a176
365 _b21
999 _c999467
_d999464